000 00448 a2200157 4500
001 61424
020 _a8585651016
040 _cAnchieta - Pituba
100 _aAlmeida, Sérgio
240 1 0 _aCliente nunca mais!
_lpor
245 1 0 _aCliente nunca mais!
300 _a127
362 0 _a1993
650 4 _aPolítica comercial / Problemas com consumidor, consumismo / Movimentos e informação ao consumidor / Proteção ao consumidor
942 _cBK
999 _c61424
_d61424